[Event "IND-ch (Women) 48th"]
[Site "Hatkanangale"]
[Date "2022.12.29"]
[Round "4"]
[White "Natura, Bethi"]
[Black "Sagar, Siya"]
[Result "1-0"]
[WhiteElo "1324"]
[BlackElo "1611"]
[PlyCount "55"]
[EventDate "2022.12.26"]
[EventType "swiss"]
[EventRounds "11"]
[EventCountry "IND"]
[SourceTitle "CBM 212 Extra"]
[Source "ChessBase"]
[SourceDate "2023.03.31"]
[SourceVersion "1"]
[SourceVersionDate "2023.03.31"]
[SourceQuality "1"]

1. d4 Nf6 2. c4 g6 3. Nc3 Bg7 4. e4 d6 5. f3 0-0 6. Be3 e5 7. d5 Nh5 8. Qd2 f5 9. exf5 gxf5 10. Nh3 f4 11. Bf2 Nd7 12. Bd3 Nc5 13. Bc2 a5 14. 0-0-0 Qe7 15. Rde1 Qd8 16. g4 Nf6 17. Bxc5 dxc5 18. Rxe5 Nxg4 19. Rg5 Ne3 20. Rhg1 Rf7 21. Nxf4 Nxc2 22. Nh5 Nd4 23. Rxg7+ Rxg7 24. Rxg7+ Kf8 25. Qh6 Ra6 26. Rg6+ Ke8 27. Rg8+ Ke7 28. Qg7+ 1-0

[Event "IND-ch (Women) 48th"]
[Site "Hatkanangale"]
[Date "2022.12.27"]
[Round "2"]
[White "Natura, Bethi"]
[Black "Harini, S."]
[Result "0-1"]
[WhiteElo "1324"]
[BlackElo "1918"]
[PlyCount "72"]
[EventDate "2022.12.26"]
[EventType "swiss"]
[EventRounds "11"]
[EventCountry "IND"]
[SourceTitle "CBM 212 Extra"]
[Source "ChessBase"]
[SourceDate "2023.03.31"]
[SourceVersion "1"]
[SourceVersionDate "2023.03.31"]
[SourceQuality "1"]

1. d4 Nf6 2. c4 e6 3. Nf3 d5 4. Nc3 c5 5. cxd5 Nxd5 6. e4 Nxc3 7. bxc3 cxd4 8. cxd4 Bb4+ 9. Bd2 Bxd2+ 10. Qxd2 0-0 11. Bc4 Nd7 12. 0-0 Nf6 13. Rfe1 b6 14. d5 exd5 15. exd5 Qd6 16. Nd4 Bd7 17. Rad1 Rac8 18. Qd3 Ng4 19. Nf3 Qc5 20. Rc1 Qxf2+ 21. Kh1 Qxe1+ 22. Rxe1 Nf2+ 23. Kg1 Nxd3 24. Bxd3 Rfe8 25. Rd1 Rc5 26. d6 g6 27. Ba6 Bc6 28. Nd4 Rd5 29. Rc1 Rxd4 30. Rxc6 Rd8 31. Rc7 R8xd6 32. Bc4 Rf6 33. h3 Kg7 34. Bb3 a5 35. Rb7 a4 36. Bc2 Rc6 0-1

[Event "IND-chT (Women)"]
[Site "Ahmedabad"]
[Date "2020.02.13"]
[Round "7.2"]
[White "Mahalakshmi, Muganda Kumar"]
[Black "Natura, Bethi"]
[Result "1-0"]
[WhiteElo "2255"]
[BlackElo "1361"]
[PlyCount "73"]
[EventDate "2020.02.07"]
[EventType "team-swiss"]
[EventRounds "7"]
[EventCountry "IND"]
[SourceTitle "CBM 194 Extra"]
[Source "ChessBase"]
[SourceDate "2020.03.31"]
[SourceVersion "1"]
[SourceVersionDate "2020.03.31"]
[SourceQuality "1"]
[WhiteTeam "Tamil Nadu (W) II"]
[BlackTeam "Telangana (W)"]
[WhiteTeamCountry "IND"]
[BlackTeamCountry "IND"]

1. d4 Nf6 2. c4 e6 3. Nc3 Bb4 4. e3 d5 5. Nge2 0-0 6. a3 Be7 7. Ng3 a5 8. Bd3 b6 9. 0-0 Bb7 10. Qe2 Re8 11. Rd1 Nbd7 12. e4 dxc4 13. Bxc4 c6 14. e5 Nd5 15. Nxd5 cxd5 16. Bb5 Qc8 17. Nh5 g6 18. Bxd7 Qxd7 19. Nf6+ Bxf6 20. exf6 e5 21. dxe5 Qf5 22. Re1 d4 23. Bh6 Re6 24. Rad1 Rd8 25. h3 Bc6 26. Qc4 d3 27. Re3 Qh5 28. Rexd3 Rxd3 29. Rxd3 Qxh6 30. Rd6 Be8 31. Rxe6 fxe6 32. Qxe6+ Bf7 33. Qc6 g5 34. e6 Qxf6 35. exf7+ Kxf7 36. Qxf6+ Kxf6 37. Kf1 1-0